| 000 | 00550nam a22002057a 4500 | ||
|---|---|---|---|
| 003 | OSt | ||
| 005 | 20220107122833.0 | ||
| 008 | 170824b xxu||||| |||| 00| 0 eng d | ||
| 020 | _a9789352130672 | ||
| 040 | _cIIITMK | ||
| 100 |
_aWhite, Tom _912882 |
||
| 245 | _aHadoop: The definitive guide | ||
| 260 |
_aMumbai, _bO'reilly/Shroff, _c2017. |
||
| 300 | _axxv, 727p. | ||
| 650 |
_aCOMPUTER SCIENCE _913042 |
||
| 650 |
_a COMPUTER PROGRAMMING _913043 |
||
| 650 |
_aPROGRAMMING LANGUAGE _913044 |
||
| 650 |
_aAPACHE HADOOP _913045 |
||
| 942 |
_2ddc _cBK |
||
| 999 |
_c5845 _d5845 |
||